000 00795nam a2200277 i 4500
001 bgj
245 1 0 _aDuden :
_bdas Stilwörterbuch /
_chrsg. von der Dudenredaktion ; [red. Bearb., Maria Grazia Chiaro].
246 _aDas |Stilwörterbuch.
250 _aWyd. 8.
260 _aMannheim :
_bDudenverlag,
_c2004.
300 _a979 s. ;
_c20 cm.
490 0 _aDer Duden in zwölf Bänden ;
_vBd. 2
650 9 _aJęzyk niemiecki
655 _aSłowniki
700 1 _aCHIARO, Maria Grazia.
710 _aDudenredaktion (Bibliographisches Institut).
830 _aDuden in 12 Bänden
020 _a3411040289
040 _cBPK
041 0 _ager
044 _aDEU
080 _a811.112.2(03)
920 _a3-411-04028-9
942 _cKS
008 s gw f |000 0 ger
999 _c49418
_d49418
856 _uhttp://koha.tu.koszalin.pl/cgi-bin/koha/opac-detail.pl?biblionumber=49418
_yKatalog online BPK